[Event "AUTO-OPEN-1517"]
[Site "http://www.queenalice.com/game.php?id=842723"]
[Date "2010.10.7"]
[Round "3"]
[White "igorzz"]
[Black "rdononato"]
[Result "1-0"]
[WhiteElo "2336"]
[BlackElo "1972"]

1. e4 d5 2. exd5 Qxd5 3. Nc3 Qa5 4. d4 c6 5. Bc4 Nf6 6. Bd2 Qc7 7. Nf3 Bf5 8.
Nh4 Bg6 9. Nxg6 hxg6 10. Qf3 e6 11. O-O-O Be7 12. Bf4 Bd6 13. Bxd6 Qxd6 14. g4
Nbd7 15. h4 Rf8 16. g5 Nh5 17. Ne4 Qe7 18. Kb1 O-O-O 19. c3 Nb6 20. Bb3 Kb8 21.
Nc5 Nd5 22. c4 Ndf4 23. Ba4 Qc7 24. Rhe1 Rd6 25. Re4 Rdd8 26. Re3 a6 27. Rb3 b5
28. Nxa6+ 1-0

[Event "AUTO-OPEN-1517"]
[Site "http://www.queenalice.com/game.php?id=842724"]
[Date "2010.10.7"]
[Round "3"]
[White "rdononato"]
[Black "igorzz"]
[Result "0-1"]
[WhiteElo "1992"]
[BlackElo "2334"]

1. Nf3 d5 2. g3 c5 3. Bg2 Nc6 4. d3 e5 5. O-O Nf6 6. Nbd2 Be7 7. c3 O-O 8. a3
Bg4 9. h3 Be6 10. Qc2 Qd7 11. Kh2 b5 12. e4 c4 13. d4 exd4 14. e5 d3 15. Qd1 Ne4
16. Nxe4 dxe4 17. Ng5 Bxg5 18. Bxg5 Nxe5 19. Bxe4 Bxh3 20. Re1 Rae8 21. f3 f5
22. f4 Ng4+ 23. Kxh3 Nf2+ 0-1

[Event "Challenge"]
[Site "http://www.queenalice.com/game.php?id=870471"]
[Date "2010.12.11"]
[Round "-"]
[White "Diemerlin"]
[Black "igorzz"]
[Result "1/2-1/2"]
[WhiteElo "2159"]
[BlackElo "2323"]

1. d4 d5 2. Bf4 Nf6 3. e3 e6 4. Nd2 c5 5. c3 cxd4 6. exd4 Bd6 7. Bg3 O-O 8. Ngf3
Nc6 9. Bd3 e5 10. Nxe5 Re8 11. f4 Bg4 12. Qb3 Na5 13. Qc2 Nc4 14. Nxc4 dxc4 15.
Bxc4 Qc7 16. O-O Bxe5 17. Bxf7+ Qxf7 18. fxe5 Rac8 19. Rae1 Rc6 20. exf6 Rxe1
21. Rxe1 Rxf6 22. b3 Bf5 23. Qd2 Re6 24. Rf1 Re4 25. Qg5 1/2-1/2

[Event "Challenge"]
[Site "http://www.queenalice.com/game.php?id=870472"]
[Date "2010.12.11"]
[Round "-"]
[White "igorzz"]
[Black "Diemerlin"]
[Result "1/2-1/2"]
[WhiteElo "2317"]
[BlackElo "2159"]

1. e4 e6 2. d4 d5 3. Nc3 Bb4 4. e5 c5 5. a3 Bxc3+ 6. bxc3 Qa5 7. Bd2 Qa4 8. Nf3
c4 9. Be2 Nc6 10. Rb1 b6 11. O-O Nge7 12. Bf4 Bd7 13. Qc1 Ng6 14. Bg5 h6 15. Bh4
Nxh4 16. Nxh4 g5 17. Nf3 O-O-O 18. Qb2 Rdg8 19. Rfe1 h5 20. g3 Ne7 21. Qc1 g4
22. Nh4 Kb7 23. Rb4 Qa5 24. Qe3 Ng6 25. Qg5 Nxh4 26. Qxh4 Kc8 27. a4 Bxa4
1/2-1/2

[Event "AUTO-OPEN-1798"]
[Site "http://www.queenalice.com/game.php?id=883440"]
[Date "2011.1.9"]
[Round "3"]
[White "igorzz"]
[Black "Catalin"]
[Result "1-0"]
[WhiteElo "2312"]
[BlackElo "2293"]

1. e4 e5 2. Nf3 Nc6 3. Bb5 d6 4. d4 Bd7 5. Nc3 Nf6 6. d5 Nb8 7. a4 c6 8. Bc4 Qc8
9. Ng5 Bg4 10. f3 cxd5 11. Bxd5 Bh5 12. Be3 Be7 13. O-O O-O 14. Qd2 a5 15. Rad1
Nc6 16. Bb3 Bg6 17. Nb5 Rd8 18. Bb6 Rd7 19. c3 Kf8 20. Qe3 Ra6 21. Rf2 Nh5 22.
Nh3 Nf4 23. Rfd2 Nxh3+ 24. gxh3 Qb8 25. Bc5 Nd8 26. Ba7 Qc8 27. Bc5 Qb8 28. Ba7
Qc8 29. Bb6 Ne6 30. Bxe6 fxe6 31. b3 Bg5 32. Qxg5 Rxb6 33. b4 axb4 34. cxb4 Qb8
35. h4 Rc6 36. h5 Be8 37. h6 d5 38. f4 exf4 39. Nd4 Rf7 40. exd5 exd5 41. Nxc6
bxc6 42. Re1 Kg8 43. Rde2 Bd7 44. Re7 Qd8 45. hxg7 f3 46. Kf2 Qb6+ 47. R1e3 Qd8
48. h4 Rf5 49. Re8+ Qxe8 50. Rxe8+ 1-0

[Event "AUTO-OPEN-1798"]
[Site "http://www.queenalice.com/game.php?id=883441"]
[Date "2011.1.9"]
[Round "3"]
[White "Catalin"]
[Black "igorzz"]
[Result "1-0"]
[WhiteElo "2252"]
[BlackElo "2331"]

1. e4 e5 2. Nf3 Nc6 3. Bc4 Bc5 4. b4 Bxb4 5. c3 Ba5 6. d4 exd4 7. O-O dxc3 8.
Qb3 Nf6 9. Bxf7+ Kf8 10. Ba3+ d6 11. Bd5 Bg4 12. Qxb7 Nxd5 13. Qxc6 Nf4 14. e5
g5 15. exd6 cxd6 16. Bxd6+ Kg8 17. Bxf4 gxf4 18. Nxc3 Rc8 19. Qd5+ Qxd5 20. Nxd5
Bxf3 21. gxf3 Kf7 22. Rab1 Rhg8+ 23. Kh1 Ke6 24. Nxf4+ Kf5 25. Nd5 Ke6 26. Rb5
Bd2 27. Ne3 Rgf8 28. Kg2 Rg8+ 29. Ng4 Rc2 30. a4 Rc4 31. Rd1 Bc3 32. a5 Rd4 33.
Rxd4 Bxd4 34. h3 Rc8 35. Rh5 Rc5 36. Rh6+ Kf7 37. Rd6 Bc3 38. Rd7+ Ke6 39. Rxh7
Rxa5 40. h4 Bd4 41. Rh6+ Kf7 42. f4 Rb5 43. Rd6 Rb4 44. h5 Ke7 45. Rg6 a5 46. h6
Kf7 47. f5 Rb8 48. h7 Bg7 49. Ra6 Bd4 50. Rxa5 Rd8 51. Rb5 Kg7 52. Rb7+ Kh8 53.
Kg3 Rd6 54. Rf7 Ra6 55. Rd7 Bg7 56. f3 Bf6 57. Rf7 Bd4 58. f6 Ra4 59. Rd7 Bc3
60. f7 Ra8 61. Re7 Rf8 62. Re8 Kg7 63. h8=Q+ Rxh8 64. Rxh8 Kxf7 65. Rc8 Bd2 66.
f4 Ke6 67. Kf3 Kd7 68. Rc2 Bb4 69. Ke4 Kd8 70. Kd5 Kd7 71. f5 Ke7 72. f6+ Kf7
73. Rc7+ Kg6 74. Ke6 Kg5 75. Ne5 Kf4 76. f7 1-0

[Event "QA-ANNIV-05"]
[Site "http://www.queenalice.com/game.php?id=885927"]
[Date "2011.1.13"]
[Round "7"]
[White "gilcesar"]
[Black "igorzz"]
[Result "1-0"]
[WhiteElo "2019"]
[BlackElo "2333"]

1. e4 e5 2. Nf3 Nc6 3. Nc3 Nf6 4. Bb5 Bb4 5. Bxc6 dxc6 6. d3 O-O 7. Nxe5 Qd6 8.
Nf3 Bg4 9. O-O Nd7 10. h3 Bh5 11. g4 Bg6 12. a3 Bxc3 13. bxc3 h5 14. Be3 hxg4
15. hxg4 c5 16. Nh4 Qf6 17. g5 Qxc3 18. Rb1 b6 19. Rb3 Qe5 20. Qg4 c4 21. Nxg6
fxg6 22. f4 Qe7 23. Rc3 b5 24. dxc4 bxc4 25. e5 Nb6 26. Qg2 c5 27. a4 Rad8 28.
Qc6 Qf7 29. e6 Qe8 30. Qe4 Qe7 31. a5 Nd5 32. Rxc4 Nxe3 33. Qxe3 Rd5 34. Re1 a6
35. Rb1 Rdf5 36. Kg2 Rd5 37. Rb6 Re8 38. Re4 Red8 39. Kg3 Rd1 40. Rc4 Rc8 41.
Qe4 Rd6 42. Rxd6 Qxd6 43. Qxg6 Rf8 44. Qe4 Re8 45. Qe5 Qxe5 46. fxe5 Rc8 47. Rf4
Re8 48. Kf3 Kh7 49. Ke4 Kg6 50. Kd5 Kxg5 51. Rf7 Kg6 52. c4 Rc8 53. Ra7 Rd8+ 54.
Kxc5 Kf5 55. e7 Rh8 56. Kd6 g5 57. Kd7 1-0

[Event "Challenge"]
[Site "http://www.queenalice.com/game.php?id=893636"]
[Date "2011.1.31"]
[Round "-"]
[White "JD"]
[Black "igorzz"]
[Result "0-1"]
[WhiteElo "1519"]
[BlackElo "2338"]

1. c3 e5 2. Qb3 d5 3. c4 dxc4 4. Qa4+ Bd7 5. Qxc4 Be6 6. Qa4+ Bd7 7. Qb3 Nc6 8.
d3 Be6 9. Qd1 Bc5 10. e4 Nf6 11. Bg5 Bxf2+ 12. Kxf2 Nxe4+ 13. Ke2 Bg4+ 14. Nf3
Nd4+ 15. Ke1 Nxg5 16. Be2 Ngxf3+ 17. gxf3 Qh4+ 18. Kf1 Bh3+ 19. Kg1 Nxf3+ 20.
Bxf3 Qd4# 0-1

[Event "Challenge"]
[Site "http://www.queenalice.com/game.php?id=893637"]
[Date "2011.1.31"]
[Round "-"]
[White "igorzz"]
[Black "JD"]
[Result "1-0"]
[WhiteElo "2337"]
[BlackElo "1416"]

1. e4 c6 2. d4 d5 3. Nc3 b5 4. e5 a6 5. Be2 f6 6. Be3 h5 7. Bxh5+ Kd7 8. Qf3
fxe5 9. dxe5 Qa5 10. Bg4+ Kd8 11. Qxf8+ Kc7 12. Qxc8# 1-0

[Event "Challenge"]
[Site "http://www.queenalice.com/game.php?id=898737"]
[Date "2011.2.11"]
[Round "-"]
[White "colatina"]
[Black "igorzz"]
[Result "0-1"]
[WhiteElo "1951"]
[BlackElo "2339"]

1. e4 e5 2. Nf3 Nc6 3. Bb5 a6 4. Bxc6 dxc6 5. O-O Bg4 6. d3 Nf6 7. Bg5 Bd6 8.
Nbd2 h6 9. Be3 O-O 10. h3 Be6 11. c3 Nd7 12. Nb3 a5 13. d4 Qf6 14. dxe5 Nxe5 15.
Nxe5 Qxe5 16. Re1 Qh2+ 17. Kf1 Bc4+ 0-1

[Event "AUTO-OPEN-1900"]
[Site "http://www.queenalice.com/game.php?id=909973"]
[Date "2011.3.8"]
[Round "3"]
[White "headhunter"]
[Black "igorzz"]
[Result "1-0"]
[WhiteElo "2524"]
[BlackElo "2312"]

1. e4 e5 2. Nf3 Nc6 3. Bb5 a6 4. Ba4 Nf6 5. O-O Be7 6. Re1 d5 7. exd5 b5 8. dxc6
e4 9. Bb3 exf3 10. Qxf3 O-O 11. d3 Bg4 12. Qg3 Re8 13. Nc3 Bd6 14. Bf4 Nh5 15.
Qxg4 Nxf4 16. Rxe8+ Qxe8 17. g3 Ng6 18. Ne4 Qxc6 19. Ng5 Be7 20. Nxf7 Kf8 21.
Re1 Rb8 22. Re6 Qd7 23. Ng5 Bxg5 24. Qf5+ Bf6 25. Rxf6+ Ke8 26. Be6 Qe7 27. Rf7
1-0

[Event "AUTO-OPEN-1900"]
[Site "http://www.queenalice.com/game.php?id=909974"]
[Date "2011.3.8"]
[Round "3"]
[White "igorzz"]
[Black "headhunter"]
[Result "0-1"]
[WhiteElo "2298"]
[BlackElo "2533"]

1. e4 c5 2. Nf3 d6 3. d4 cxd4 4. Nxd4 Nf6 5. Nc3 a6 6. Bg5 e6 7. f4 Nbd7 8. Qf3
Qc7 9. O-O-O b5 10. Bd3 Bb7 11. Rhe1 Qb6 12. Qe3 b4 13. Nd5 exd5 14. exd5+ Kd8
15. Bxf6+ gxf6 16. Bf5 Kc7 17. Qb3 Qc5 18. Bxd7 Kxd7 19. Nc6 Bxc6 20. dxc6+ Kxc6
21. Qxf7 d5 22. Qxf6+ Bd6 23. g3 Rhe8 24. Re6 a5 25. Kb1 a4 26. f5 a3 27. b3
Rac8 28. Qg7 h5 29. Rf1 Rxe6 30. fxe6 Kb6 31. Rc1 d4 32. c4 bxc3 33. Qg6 Qd5 34.
Rd1 c2+ 0-1

[Event "QA-ANNIV-05"]
[Site "http://www.queenalice.com/game.php?id=921196"]
[Date "2011.4.3"]
[Round "8"]
[White "igorzz"]
[Black "Heike67"]
[Result "1/2-1/2"]
[WhiteElo "2295"]
[BlackElo "2410"]

1. e4 c6 2. d4 d5 3. Nc3 dxe4 4. Nxe4 Nf6 5. Nxf6+ exf6 6. Bc4 Bd6 7. Qe2+ Qe7
8. Bd2 Be6 9. O-O-O O-O 10. Re1 Re8 11. Qh5 Nd7 12. Nf3 Nb6 13. Bxe6 fxe6 14.
Re4 Rad8 15. Rhe1 Qf7 16. Qxf7+ Kxf7 17. Ba5 Rd7 18. Bxb6 axb6 19. h4 Rdd8 20.
c4 b5 21. cxb5 cxb5 22. g4 Ra8 23. Kb1 h6 24. h5 b6 25. Nh4 b4 26. f4 Ra5 27. f5
e5 28. Nf3 Rd5 29. R1e2 Rd8 30. dxe5 fxe5 31. Nxe5+ Bxe5 32. Rxe5 Rxe5 33. Rxe5
Rd4 34. g5 hxg5 35. Re6 b5 36. Rg6 b3 37. axb3 g4 38. Ka2 Re4 39. Ka3 Rf4 40.
Rg5 Rd4 41. Rg6 Rf4 42. Rg5 Rd4 43. Rg6 Rf4 1/2-1/2

[Event "GimoDomi-ITALY"]
[Site "http://www.queenalice.com/game.php?id=950450"]
[Date "2011.6.16"]
[Round "4"]
[White "fosdunc"]
[Black "igorzz"]
[Result "1-0"]
[WhiteElo "2374"]
[BlackElo "2298"]

1. e4 e5 2. Bc4 Nf6 3. Nc3 Nxe4 4. Nf3 Nf6 5. Nxe5 d5 6. Bb3 Nc6 7. d4 Be7 8.
O-O O-O 9. Re1 Be6 10. a3 Na5 11. Ba2 c5 12. dxc5 Nc6 13. b4 a5 14. Bf4 d4 15.
Nxc6 bxc6 16. Bxe6 fxe6 17. Na4 axb4 18. axb4 Nd5 19. Be5 Nxb4 20. c3 Nd5 21.
Bxd4 Bf6 22. Rxe6 Bxd4 23. cxd4 Qg5 24. Re5 Qg6 25. f3 Nf4 26. g3 Kh8 27. Ra3
Nd5 28. Re4 Ra7 29. Qb3 Rfa8 30. Re5 Ra5 31. Re1 Kg8 32. Qc4 h5 33. Kf2 h4 34.
Kg2 Qf7 35. Qb3 Nc7 36. Qxf7+ Kxf7 37. Rae3 Nd5 38. Nb6 Nxe3+ 39. Rxe3 Ra2+ 40.
Kh3 Rd8 41. Re4 hxg3 42. hxg3 Rc2 43. Kg4 Rc3 44. Rf4+ Kg8 45. Re4 Kf7 46. Rf4+
Kg8 47. Re4 Kh7 48. Rf4 Rd3 49. d5 cxd5 50. Rf5 d4 51. Nd5 g6 52. Re5 Rf8 53. f4
Rd1 54. Kg5 Rf7 55. Nf6+ Kg7 56. Ne8+ Kh7 57. Nf6+ Kg7 58. Ne8+ Kf8 59. Nd6 Re7
60. Rd5 Re3 61. g4 Rc1 62. Kxg6 d3 63. f5 Re2 64. Nf7 d2 65. Rd8+ Re8 66. Rxd2
Rxc5 67. f6 Rc4 68. g5 Rh4 69. Rd7 Ra8 70. Ne5 Ke8 71. Rg7 1-0

[Event "QA-ANNIV-05"]
[Site "http://www.queenalice.com/game.php?id=953526"]
[Date "2011.6.24"]
[Round "9"]
[White "simonjscott"]
[Black "igorzz"]
[Result "0-1"]
[WhiteElo "2067"]
[BlackElo "2293"]

1. e4 e5 2. Nf3 Nc6 3. d4 exd4 4. Bc4 Bc5 5. c3 dxc3 6. Bxf7+ Kxf7 7. Qd5+ Kf8
8. Qxc5+ d6 9. Qxc3 Nf6 10. Bg5 Nxe4 11. Bxd8 Nxc3 12. Nxc3 Nxd8 13. O-O-O Bg4
14. Rd3 Ne6 15. Nd4 Re8 16. Re1 Kf7 17. Nxe6 Bxe6 18. Rf3+ Ke7 19. Nb5 Kd7 20.
Rfe3 Bxa2 21. Rxe8 Rxe8 22. Rxe8 Kxe8 23. Nxc7+ Kd7 24. Nb5 a6 25. Nd4 Bc4 26.
Kd2 a5 27. Kc3 b5 28. Nf5 g5 29. Kd4 a4 30. Ne3 Bb3 31. Kc3 Kc6 32. h4 gxh4 33.
f4 Kc5 34. f5 d5 35. Nc2 Bxc2 36. Kxc2 Kd6 37. b3 a3 38. b4 d4 0-1

[Event "QA-ANNIV-05"]
[Site "http://www.queenalice.com/game.php?id=983072"]
[Date "2011.9.9"]
[Round "10"]
[White "igorzz"]
[Black "Panter"]
[Result "1/2-1/2"]
[WhiteElo "2288"]
[BlackElo "2391"]

1. e4 c5 2. Nf3 Nc6 3. d4 cxd4 4. Nxd4 Nf6 5. Nc3 a6 6. Nxc6 dxc6 7. Qxd8+ Kxd8
8. Bf4 Be6 9. O-O-O+ Ke8 10. Be2 g6 11. Rd2 Rd8 12. Rxd8+ Kxd8 13. Rd1+ Kc8 14.
Be3 Bg7 15. Bc5 Re8 16. f4 Nd7 17. Be3 Bxc3 18. bxc3 Nf6 19. e5 Nd5 20. Bd2 Nb6
21. a3 Nc4 22. Bxc4 Bxc4 23. h3 Bd5 1/2-1/2

[Event "Challenge"]
[Site "http://www.queenalice.com/game.php?id=1040009"]
[Date "2012.3.17"]
[Round "-"]
[White "Diemerlin"]
[Black "igorzz"]
[Result "1/2-1/2"]
[WhiteElo "2225"]
[BlackElo "2292"]

1. c4 d6 2. g3 e5 3. Bg2 g6 4. Nc3 Bg7 5. d3 f5 6. e4 Nf6 7. Nge2 fxe4 8. dxe4
O-O 9. O-O Be6 10. b3 Nbd7 11. f3 Nc5 12. Be3 a5 13. Qd2 Qd7 14. Nd5 Rf7 15. Nc1
Raf8 16. Qxa5 Bh3 17. Bxc5 dxc5 18. Nd3 b6 19. Qc3 Bxg2 20. Kxg2 Qd6 21. Rad1
Nd7 22. Rf2 c6 23. Ne3 Qe6 24. a4 Bh6 25. Ng4 Bg7 26. Qd2 Kh8 27. Nh6 Bxh6 28.
Qxh6 1/2-1/2

[Event "Challenge"]
[Site "http://www.queenalice.com/game.php?id=1040010"]
[Date "2012.3.17"]
[Round "-"]
[White "igorzz"]
[Black "Diemerlin"]
[Result "1/2-1/2"]
[WhiteElo "2290"]
[BlackElo "2227"]

1. e4 d5 2. Nc3 d4 3. Na4 e5 4. Nf3 Bd6 5. c3 c5 6. b4 cxb4 7. cxd4 exd4 8. e5
Bc7 9. Bc4 Nc6 10. Qb3 Nh6 11. d3 O-O 12. Bg5 Qe8 13. O-O Bg4 14. Bxh6 Bxf3 15.
Bf4 Nxe5 16. Qxb4 Qd7 17. Rfe1 Nxd3 18. Bxd3 Bxf4 19. Be4 Bd6 20. Qd2 Bxe4 21.
Rxe4 Rae8 22. Rxd4 Re4 23. Rxd6 Qxa4 24. f3 Re7 25. Rd1 Rfe8 26. Rd8 h6 27. Qf2
b5 28. Qd2 Rxd8 29. Qxd8+ Kh7 30. h3 1/2-1/2

[Event "Challenge"]
[Site "http://www.queenalice.com/game.php?id=1043507"]
[Date "2012.3.28"]
[Round "-"]
[White "igorzz"]
[Black "plot24"]
[Result "1-0"]
[WhiteElo "2291"]
[BlackElo "1834"]

1. e4 e5 2. c3 Nf6 3. d4 Bd6 4. dxe5 Bxe5 5. f4 Bxf4 6. Bxf4 Nxe4 7. Bd3 Nc5 8.
Nf3 Nxd3+ 9. Qxd3 O-O 10. O-O Nc6 11. Ng5 g6 12. Ne4 d6 13. Bg5 Ne5 14. Qg3 1-0

[Event "Challenge"]
[Site "http://www.queenalice.com/game.php?id=1064905"]
[Date "2012.5.27"]
[Round "-"]
[White "linoprof"]
[Black "igorzz"]
[Result "1-0"]
[WhiteElo "2138"]
[BlackElo "2289"]

1. e4 e5 2. Nf3 Nc6 3. Bb5 Nge7 4. O-O g6 5. d4 exd4 6. Nxd4 Bg7 7. Be3 a6 8.
Bxc6 dxc6 9. c3 O-O 10. Nd2 c5 11. N4f3 b6 12. Re1 Bg4 13. h3 Be6 14. Ng5 Qd7
15. Qf3 Nc6 16. Qg3 Ne5 17. Qh4 h5 18. f4 Nd3 19. f5 gxf5 20. Qxh5 Rfe8 21. Qh7+
Kf8 22. Nxe6+ Qxe6 23. exf5 Qf6 24. Re2 Nf4 25. Ree1 Rxe3 26. Rxe3 Qg5 27. g4
Nd5 28. Rd3 Nf6 29. Nf3 Nxh7 30. Nxg5 Nxg5 31. h4 Ne4 32. g5 f6 33. Re1 Nd6 34.
Rd5 Re8 35. Rxe8+ Kxe8 36. g6 Ke7 37. h5 Bh6 38. Kf2 c6 39. Rd1 Nxf5 40. Re1+
Kd6 41. Re8 Bc1 42. b3 Bb2 43. Rh8 Bxc3 44. h6 Bd4+ 45. Ke2 Ne7 46. g7 1-0

[Event "Challenge"]
[Site "http://www.queenalice.com/game.php?id=1094444"]
[Date "2012.8.19"]
[Round "-"]
[White "TMG"]
[Black "igorzz"]
[Result "0-1"]
[WhiteElo "2282"]
[BlackElo "2272"]

1. e4 e5 2. Nf3 d6 3. d4 exd4 4. Nxd4 g6 5. Bc4 c5 6. Nf3 Be6 7. Bxe6 fxe6 8.
O-O Nc6 9. Na3 Nf6 10. Bg5 h6 11. Bxf6 Qxf6 12. e5 dxe5 13. Nc4 e4 14. Nfd2
O-O-O 15. Qe2 Be7 0-1